Oil extraction /

Guardado en:
Autores Corporativos: Intermediate Technology Development Group., United Nations Development Fund for Women.
Formato: Libro
Idioma:English
Publicado: New York, NY : UNIFEM, 1987.
Series:Food cycle technology source books ; no. 1.
Materias:
Etiquetas: Agregar Etiqueta
Sin Etiquetas, Sea el primero en etiquetar este registro!
LEADER 01274nam a22002655a 4500
001 EIQ.libpla002288
008 070521s1987####nyua#####b####000#0#eng#d
005 20070625183601.0
245 1 0 |a Oil extraction /  |c UNIFEM, the United Nations Development Fund for Women, with the collaboration of the Intermediate Technology Development Group, United Kingdom. 
260 |a New York, NY :  |b UNIFEM,  |c 1987. 
300 |a 47 p. :  |b il. ;  |c 24 cm. 
490 0 |a Food cycle technology source book ;  |v no. 1 
500 |a "Project GLO/85/W02 - women and food cycle technology (WAFT) and project RAF/86/WO3-translation and publication of food cycle technology source books". 
504 |a Incluye referencias bibliográficas. 
710 2 |a Intermediate Technology Development Group. 
830 0 |a Food cycle technology source books ;  |v no. 1. 
650 4 |a Industrias de petróleo  |x Equipo y fuentes. 
650 4 |a Alimento  |x Aceites y grasas. 
650 4 |a Industrias de petróleo  |z Países en desarrollo. 
650 4 |a Oil industries  |z Developing countries. 
650 4 |a Oil industries  |x Equipment and supplies. 
650 4 |a Food  |x Oils and fats. 
040 |a AR-BbSID  |b spa  |c AR-BbSID 
110 2 |a United Nations Development Fund for Women. 
859 |a AR-BbSID  |b BIB. PLAPIQUI  |h 664.02  |i Un 1  |p 4086